Ανίχνευση λογοκλοπής σε κείμενα με χρήση αλγορίθμων ταιριάσματος βιολογικών ακολουθιών : μεταπτυχιακή εργασία
Η λογοκλοπή κειμένων είτε αντιγράφωντας επί λέξη κομμάτια κειμένου, είτε παραφράζοντας κομμάτια από άλλα κείμενα, είναι ένα φαινόμενο που λαμβάνει τεράστιες διαστάσεις στις μέρες μας. Στην εποχή που το Web χρησιμοποιείται όλο και περισσότερο, και ο σημασιολογικός ιστός διευκολύνει την εύρεση σχετικώ...
Αποθηκεύτηκε σε:
| Κύριος συγγραφέας: | |
|---|---|
| Συγγραφή απο Οργανισμό/Αρχή: | |
| Μορφή: | Thesis Βιβλίο |
| Γλώσσα: | Greek |
| Δημοσίευση: |
2012.
|
| Θέματα: | |
| Διαθέσιμο Online: | http://hdl.handle.net/11610/14760 |
| Ετικέτες: |
Προσθήκη ετικέτας
Δεν υπάρχουν, Καταχωρήστε ετικέτα πρώτοι!
|
MARC
| LEADER | 00000cam a2200000 i 4500 | ||
|---|---|---|---|
| 001 | 1/51060 | ||
| 008 | 140707s2012 gr | ||| |||| ||gre|| | ||
| 035 | |l 10118266 | ||
| 040 | |a GR-MyUA |b gre |e AACR2 | ||
| 041 | 0 | |a gre | |
| 082 | 0 | |a 808.0250285 |2 (22) | |
| 100 | 1 | |a Κούρτης, Ιωάννης. | |
| 245 | 1 | 0 | |a Ανίχνευση λογοκλοπής σε κείμενα με χρήση αλγορίθμων ταιριάσματος βιολογικών ακολουθιών : |b μεταπτυχιακή εργασία / |c του Ιωάννη Κούρτη ; επιβλέπων καθηγητής Ευστάθιος Σταματάτος. |
| 260 | |c 2012. | ||
| 300 | |a 80 σ. : |b σχέδια, πιν. ; |c 30 εκ. | ||
| 500 | |a Μέλη της εξεταστικής επιτροπής: Σταματάτος Ευστάθιος, Εργίνα Καβαλλιεράτου, Μαραγκουδάκης Εμμανουήλ. | ||
| 502 | |a Διατριβή (μεταπτυχιακή) – Πανεπιστήμιο Αιγαίου, Σάμος, 2012. | ||
| 504 | |a Βιβλιογραφία: σ. 75-78. | ||
| 506 | 0 | |a Διάθεση πλήρους κειμένου - Ελεύθερη πρόσβαση. | |
| 520 | |a Η λογοκλοπή κειμένων είτε αντιγράφωντας επί λέξη κομμάτια κειμένου, είτε παραφράζοντας κομμάτια από άλλα κείμενα, είναι ένα φαινόμενο που λαμβάνει τεράστιες διαστάσεις στις μέρες μας. Στην εποχή που το Web χρησιμοποιείται όλο και περισσότερο, και ο σημασιολογικός ιστός διευκολύνει την εύρεση σχετικών κειμένων στο διαδίκτυο, τα προβλήματα πνευματικής ιδιοκτησίας συνεχώς αυξάνονται και η εύρεση του πραγματικού συγγραφέα ενός κειμένου καθώς και η απόδειξη ότι τα έργα του δεν είναι αντιγραφή ή παραλλαγή κάποιων άλλων, κρίνεται επιτακτική. Στο κείμενο αυτό θα μελετήσουμε μία τεχνική full fingerprinting εύρεσης λογοκλοπής σε κείμενα χρησιμοποιώτας ένα αναγνωρισμένο corpus αρχείων που δημοσιεύτηκε το 2010 (PAN10). Η μελέτη μας αφορά περιπτώσεις external plagiarism όπου από μία συλλογή τοπικών κειμένων (source-documents) προσπαθούμε να βρούμε αν υπάρχουν σε ύποπτα κείμενα (suspicious-documents) περιπτώσεις λογοκλοπής, και να προσδιορίσουμε τα ακριβή όρια στα κείμενα αυτά., χρησιμοποιώντας τον αλγόριθμο Needleman-Wunsch, ένα αλγόριθμο ταιριάσματος βιολογικών ακολουθιών. Προτείνουμε μία καινοτόμο μέθοδο η οποία βασίζεται στα stopword n-grams τα οποία φαίνεται ότι μπορούν να βρούν συντακτικές ομοιότητες μεταξύ κειμένων ακόμα και αν τα κείμενα έχουν τροποποιηθεί πολύ, αντικάθιστώντας λέξεις με συνώνυμες ή άλλες φράσεις. | ||
| 610 | 2 | 0 | |a University of the Aegean |x Dissertations. |
| 650 | 0 | 0 | |a Plagiarism |x Detection. |
| 650 | 0 | 0 | |a Bioinformatics. |
| 650 | 0 | 0 | |a Dissertations, Academic |z Greece. |
| 700 | 1 | |a Σταματάτος, Ευστάθιος, |e dgs | |
| 710 | 2 | |a Πανεπιστήμιο Αιγαίου. |b Σχολή Θετικών Επιστημών. |b Τμήμα Μηχανικών Πληροφοριακών και Επικοινωνιακών Συστημάτων. |b Π.Μ.Σ. Τεχνολογίες και Διοίκηση Πληροφοριακών και Επικοινωνιακών Συστημάτων. | |
| 852 | |a INST |b SAMOS |c DIATR |e 20140707 |h 808.0250285 ΚΟΥ |p 005300036880 |q 005300036880 |t MTXE |y 23 | ||
| 852 | |a INST |b SAMOS |c DIATR |e 20140707 |h 808.0250285 ΚΟΥ |p 005300036881 |q 005300036881 |t MTXE |y 23 | ||
| 856 | |u http://hdl.handle.net/11610/14760 | ||
| 901 | |a BIBL3-2014-2 | ||
| 909 | |a Σ |b 185043 | ||
| 909 | |a Σ |b 185044 | ||
| 924 | |a Κούρτης |b Ιωάννης |y Σάμος |z 2012-03 | ||
| 970 | |a Κοσιέρης |b Χρήστος |z 2014/07/07 | ||